Study Guide for Use with Economics of Social Issues

Guardado en:
Detalles Bibliográficos
Autor principal: Yoho, DeVon L.
Otros Autores: Sharp, Ansel M., Register, Charles A.
Formato: Libro
Lenguaje:inglés
Publicado: Homewood Business Publ. 1988
Edición:8. ed.
Materias:
Etiquetas: Agregar Etiqueta
Sin Etiquetas, Sea el primero en etiquetar este registro!

MARC

LEADER 00000nam a2200000 4500
001 c002638
005 20221206134558.8
020 |a 0-256-06307-9 
041 0 |a eng 
044 |a US 
245 1 0 |a Study Guide for Use with Economics of Social Issues  |c Devon L. Yoho, Ansel M. Sharp, Charles A. Register 
250 |a 8. ed. 
264 1 |a Homewood  |b Business Publ.  |c 1988 
300 |a 194 s. 
610 2 0 |a ekonómia 
610 2 0 |a výdavky na potreby sociálne 
610 2 0 |a výdavky na potreby kultúrne 
610 2 0 |a rozvoj sociálny 
610 2 0 |a regulácia cenová 
610 2 0 |a ceny 
610 2 0 |a štát 
610 2 0 |a školy vysoké 
610 2 0 |a energetika 
610 2 0 |a ekológia 
610 2 0 |a podnik veľký 
610 2 0 |a spotreba 
610 2 0 |a protekcionizmus 
610 2 0 |a oblasti obchodu voľného 
610 2 0 |a obchod medzinárodný 
610 2 0 |a zdravotníctvo 
610 2 0 |a diskriminácia obchodná 
610 2 0 |a nezamestnanosť 
610 2 0 |a inflácia 
610 2 0 |a dane 
610 2 0 |a dlhy štátne 
100 1 |a Yoho, DeVon L. 
700 1 |a Sharp, Ansel M. 
700 1 |a Register, Charles A.